BGMEA University of Fashion and Technology
University Library

Tales from shakespeare / (Record no. 2693)

MARC details
000 -LEADER
fixed length control field 00431nam a22001697a 4500
001 - CONTROL NUMBER
control field 2693
003 - CONTROL NUMBER IDENTIFIER
control field BD-DhBUF
005 - DATE AND TIME OF LATEST TRANSACTION
control field 20251014145745.0
008 - FIXED-LENGTH DATA ELEMENTS--GENERAL INFORMATION
fixed length control field 251014b bg ||||| |||| 00| 0 ben d
040 ## - CATALOGING SOURCE
Original cataloging agency BD-DhBUF
Transcribing agency BD-DhBUF
100 ## - MAIN ENTRY--PERSONAL NAME
Personal name Charles
245 ## - TITLE STATEMENT
Title Tales from shakespeare /
Statement of responsibility, etc. Charles & Mary lamb
260 ## - PUBLICATION, DISTRIBUTION, ETC.
Place of publication, distribution, etc. Calcutta :
Name of publisher, distributor, etc. Radha
Date of publication, distribution, etc. 1998
300 ## - PHYSICAL DESCRIPTION
Extent 328p. :
Other physical details xvi.
Dimensions 17cm. ;
700 ## - ADDED ENTRY--PERSONAL NAME
Personal name Lamb, Mary
9 (RLIN) 4079
942 ## - ADDED ENTRY ELEMENTS (KOHA)
Source of classification or shelving scheme Dewey Decimal Classification
Koha item type Books
Holdings
Withdrawn status Lost status Source of classification or shelving scheme Damaged status Not for loan Home library Current library Date acquired Total Checkouts Full call number Barcode Date last seen Copy number Price effective from Koha item type
    Dewey Decimal Classification     BUFT Library BUFT Library 08/25/2001   822.33 C4691t 1998 2001-0832 10/14/2025 C-1 10/14/2025 Books
Copyright © 2019-2023 | BUFT Library
BGMEA University of Fashion and Technology
Library Home | University Home
| Maintained by Library Team